Monitorovanie vývoja trhov krajín CEFTA a ich vplyvu na slovenský agrárny trh

Uložené v:
Podrobná bibliografia
Hlavný autor: Matošková, Dagmar
Médium: Kniha
Jazyk:Slovak
Vydavateľské údaje: Bratislava Výskumný ústav ekonomiky poľnohospodárstva a potravinárstva 2003
Edícia:Štúdia č. 70/2003
Predmet:
Tagy: Pridať tag
Žiadne tagy, Buďte prvý, kto otaguje tento záznam!

MARC

LEADER 00000nam$a2200000$$$4500
001 0024340
005 20240223110301.5
020 |a 80-8058-294-7 
041 0 |a slo 
044 |a SK 
245 1 0 |a Monitorovanie vývoja trhov krajín CEFTA a ich vplyvu na slovenský agrárny trh  |c Dagmar Matošková 
264 1 |a Bratislava  |b Výskumný ústav ekonomiky poľnohospodárstva a potravinárstva  |c 2003 
300 |a 32 s. 
490 1 |a Štúdia  |v č. 70/2003 
830 0 |a Štúdia  |v č. 70/2003 
610 2 0 |a poľnohospodárstvo 
610 2 0 |a trh 
610 2 0 |a politika poľnohospodárska 
610 2 0 |a potraviny 
610 2 0 |a výroba poľnohospodárska 
610 2 0 |a ceny 
610 2 0 |a obchod zahraničný 
610 2 0 |a konkurencieschopnosť 
610 2 0 |a Slovensko 
610 2 0 |a CEFTA 
100 1 |a Matošková, Dagmar